000 00756nam a22002057a 4500
005 2010082109079.0
010 _aENG-101180
020 _a8190812874
_c80.00
020 _a9788190812870
_c80.00
035 _aEN-84713
037 _bDBAD/PUB
082 _a616.07
100 _aJagadeesan, K.
_916752
245 _aText book of immuno pathology & immunological tests /
_cby K. Jagadeesan
260 _aKaveripattinam
_bBharathi & Bharathi Publications
_c2009
270 _a21(15) 2nd Cross Street
_bKaveripattinam
_e635112
300 _a71p.:
_bill.
_c21cm (pbk)
942 _2ddc
_cEN
_h616.07
_mJAG
999 _c42847
_d42847